| 000 | 00757nam a2200217 a 4500 | ||
|---|---|---|---|
| 001 | 20590 | ||
| 003 | CO-ViMGA | ||
| 008 | 141112s2004 ck r 000 u spa d | ||
| 020 | _a8479035412 | ||
| 040 |
_aCO-ViMGA _bspa _cCO-ViMGA |
||
| 082 | 0 | 4 | _aR616.89 R39p |
| 100 | 1 |
_aRey González, Antonio M.; Livianos Aldana, Lorenzo _929828 |
|
| 245 | 1 | 0 |
_aLa psiquiatría y sus nombres : _bDiccionario de epónimos |
| 260 |
_amadrid : _bMedica panAméricana, _c1999 |
||
| 300 | _a311p | ||
| 505 | _aA - Z | ||
| 590 | _aForma de adquisición : Compra fact.0532 - - Precio : 80000 - - Proveedor : temas y libros - - Fecha de adquisición : abril 2006 | ||
| 650 | 1 | 4 |
_aEPONIMOS - DICCIONARIOS _929829 |
| 650 | 1 | 4 |
_aPSIQUIATRÍA DICCIONARIOS _96458 |
| 942 |
_2ddc _cBK |
||
| 999 |
_c29584 _d29584 |
||